| 000 | 00666nam a22002057a 4500 | ||
|---|---|---|---|
| 999 |
_c2914 _d2914 |
||
| 003 | OSt | ||
| 005 | 20210726112905.0 | ||
| 008 | 210726b ||||| |||| 00| 0 eng d | ||
| 020 | _a97811926751108 | ||
| 040 | _cALUPEN UNIVERSITY | ||
| 050 |
_aHF5635 _b.J6 2011 VOL. 1 |
||
| 100 | _a Joffe, Neville | ||
| 245 | _aKey accounting principles : Volume 1 | ||
| 250 | _a3rd ed. | ||
| 260 |
_aToronto, ON, Canada : _bAME Learning Inc., _c©2011 |
||
| 300 |
_axvi, 356p,; _bill.; [some col.] _c28cm |
||
| 500 | _aIncludes glossary and index. Accompanied by workbook with the same title. | ||
| 650 | _a Accounting -- Textbooks. Accounting. | ||
| 942 |
_2lcc _cBK _nJO |
||